Low temperature properties of Hydrogenated Nitrile rubber (HNBR) (Record no. 62319)

MARC details
000 -LEADER
fixed length control field 00435nam a2200157Ia 4500
100 ## - MAIN ENTRY--AUTHOR NAME
Personal name Hayashi S
245 #0 - TITLE STATEMENT
Title Low temperature properties of Hydrogenated Nitrile rubber (HNBR)
260 ## - PUBLICATION, DISTRIBUTION, ETC. (IMPRINT)
Name of publisher Rubber Chemistry and Technology
Year of publication 1991
300 ## - PHYSICAL DESCRIPTION
Number of Pages P 534-44
650 ## - SUBJECT ADDED ENTRY--TOPICAL TERM
Topical Term Hydrogenated Nitrile Rubber
700 ## - ADDED ENTRY--PERSONAL NAME
Personal name Nakagawa T
700 ## - ADDED ENTRY--PERSONAL NAME
Personal name Oyama M
700 ## - ADDED ENTRY--PERSONAL NAME
Personal name Sakakida H
942 ## - ADDED ENTRY ELEMENTS (KOHA)
Koha item type Journals
Holdings
Withdrawn status Lost status Damaged status Not for loan Home library Current library Date acquired Serial Enumeration / chronology Koha item type
      Journals RRII Library RRII Library 17/12/2021 Volume 64, Issue 4 Journals